| 000 | 00792nam a2200277Ia 4500 | ||
|---|---|---|---|
| 001 | Z_5138 | ||
| 003 | CHAP | ||
| 008 | 220113s2001 xx 000 0 und d | ||
| 010 | _a168195 | ||
| 040 | _cCHAP | ||
| 090 | _aFolleto 692 | ||
| 100 |
_aRubio Ceja, J Vidal _9140502 |
||
| 245 |
_aDiagnóstico de la condición mineral del ganado productor de carne en la zona norte del estado de Nayarit / _cpor J Vidal Rubio Ceja |
||
| 260 |
_aSantiago Ixc., Nay. : _bINIFAP. Campo Experimental El Verdineño, _c2001 |
||
| 300 | _a33 p. | ||
| 440 |
_aFolleto científico no. 1 _9142468 |
||
| 500 | _a | ||
| 503 | _a | ||
| 650 |
_aMinerales en nutrición animal _975937 |
||
| 901 | _aFolleto 692 | ||
| 902 | _aA | ||
| 910 | _a2001 | ||
| 942 | _cc14 | ||
| 942 | _cc14 | ||
| 999 |
_c168195 _d168195 |
||